Zartmann alle Songs - Statistiken

Allgemein
  • Dieses Quiz wurde 35 mal gespielt
    31 seit der letzten Aktualisierung
  • Das Durchschnittsergebnis liegt bei 15 aus 35
Antwortstatistiken
Hint Antwort % Korrekt
2025 tau mich auf
91%
2024 meinen die uns
65%
2024 fuß baumeln
61%
2025 schönhauser
61%
2023 Schön/Scheisse
61%
2023 Rotkäppchen
57%
2024 wie du manchmal fehlst
57%
2021 Komm mit an die Bar
52%
2025 wunderschön
52%
2022 Bolt
48%
2024 eehhhyyy
48%
2023 Ein Anruf entfernt
48%
2021 2 Blocks
43%
2024 dafür bin ich frei
43%
2025 dein dudenkstsoschön
43%
2025 lass es gehen
43%
2024 niemand
43%
2024 wir habens überlebt
43%
2025 schönhauser skit
39%
2024 zu stolz
39%
2025 für immer?
35%
2022 Mama
35%
2023 sie passt nicht nach Berlin
35%
2025 sommer
35%
2024 und du suchst noch überall, alles was mal von mir war
35%
2022 Berlin weckt mich auf
30%
2022 Outro
30%
2022 Ritalin
30%
2021 Ich kann nicht mehr
26%
2024 nichts für immer
26%
2024 als ob ichs einfach hätte
22%
2022 Easy
22%
2025 wann schreib ich einen song über dich
22%
2021 Schon witzig
17%
2024 wir habens überlebt skit
17%
Keine übereinstimmenden Quizze gefunden
Verteilung der Resultate
Anzahl Personen mit jedem Resultat
Perzentil nach korrekt beantworteten Fragen
Ihre Resultats-Entwicklung
Sie haben dieses Quiz seit der letzten Aktualisierung nicht gespielt